La aportación de la empresa a la sociedad
Saved in:
| Main Authors: | , |
|---|---|
| Other Authors: | |
| Format: | Book |
| Language: | Spanish |
| Published: |
Barcelona
Folio
1997
|
| Series: | Biblioteca Iese de Gestión de Empresas
|
| Subjects: | |
| Tags: |
Add Tag
No Tags, Be the first to tag this record!
|
MARC
| LEADER | 00000nam a2200000 a 4500 | ||
|---|---|---|---|
| 001 | UCQ6385 | ||
| 003 | CL-VaPUC | ||
| 008 | 981016e19970000SP |||||||||||||||||spa|d | ||
| 082 | 0 | 4 | |a 658.401 |b PAS |2 21 |
| 100 | |a Pastor, Alfredo |e autor |9 580453 | ||
| 700 | 0 | |a Pérez López, J.A |e author |9 420268 | |
| 700 | |a Melé Carné, Domènec |e autor |9 488839 | ||
| 245 | 1 | 3 | |a La aportación de la empresa a la sociedad |
| 300 | |a 90 p | ||
| 942 | |c BK | ||
| 945 | |d 19981016 00:00:00 |a mvenant | ||
| 260 | |a Barcelona |b Folio |c 1997 | ||
| 650 | 0 | |a Empresas |9 255569 | |
| 650 | 0 | |a Aspectos sociales |9 254894 | |
| 650 | 0 | |a Administración de empresas |9 260833 | |
| 583 | |a last modification |c 19981016 00:00:00 |k Rodrigo Vera | ||
| 490 | 0 | |a Biblioteca Iese de Gestión de Empresas | |
| 999 | |c 276357 |d 276355 | ||
| 952 | |0 0 |1 0 |4 0 |6 658_401000000000000_PAS_1997 |7 0 |8 A |9 313548 |a BIBENE |b BIBENE |d 2019-11-20 |i 3469921 |o 658.401 PAS 1997 |p 3469921 |r 2025-01-15 |w 2019-11-20 |y BK |k ICO | ||
| 952 | |0 0 |1 0 |4 0 |6 658_401000000000000_PAS_1997 |7 0 |8 A |9 313549 |a BIBENE |b BIBENE |d 2019-11-20 |i 346993K |o 658.401 PAS 1997 |p 346993K |r 2025-01-15 |w 2019-11-20 |y BK |k ICO | ||
| 952 | |0 0 |1 0 |4 0 |6 658_401000000000000_PAS_1997 |7 0 |8 A |9 313550 |a BIBENE |b BIBENE |d 2019-11-20 |i 3469948 |o 658.401 PAS 1997 |p 3469948 |r 2025-01-15 |w 2019-11-20 |y BK |k ICO | ||